Toward a normative theory of incentive contracts between government and private firms (Record no. 6604)

000 -LEADER
fixed length control field 00410pab a2200145 454500
008 - FIXED-LENGTH DATA ELEMENTS--GENERAL INFORMATION
fixed length control field 180718b1987 xxu||||| |||| 00| 0 eng d
100 ## - MAIN ENTRY--PERSONAL NAME
Personal name Laffont, Jean Jacques
245 ## - TITLE STATEMENT
Title Toward a normative theory of incentive contracts between government and private firms
260 ## - PUBLICATION, DISTRIBUTION, ETC.
Date of publication, distribution, etc. 1987
300 ## - PHYSICAL DESCRIPTION
Extent 17-31
362 ## - DATES OF PUBLICATION AND/OR SEQUENTIAL DESIGNATION
Dates of publication and/or sequential designation 97 Conference
650 ## - SUBJECT ADDED ENTRY--TOPICAL TERM
Topical term or geographic name entry element Contracts, Government
773 ## - HOST ITEM ENTRY
Main entry heading Economic Journal
909 ## -
-- 6604
Holdings
Withdrawn status Lost status Damaged status Not for loan Permanent Location Current Location Date acquired Barcode Date last seen Price effective from Koha item type
        Indian Institute of Public Administration Indian Institute of Public Administration 2018-07-19 AR6614 2018-07-19 2018-07-19 Articles

Powered by Koha